Ciencias sociales : 1er año secundaria
Guardado en:
| Autor Principal: | |
|---|---|
| Formato: | Libro |
| Publicado: |
Ituzaingó :
Maipue,
2015
|
| Edición: | 3a. ed. |
| Materias: | |
| Etiquetas: |
Agregar Etiqueta
Sin Etiquetas, Sea el primero en etiquetar este registro!
|
| LEADER | 01246nam a22002655a 4500 | ||
|---|---|---|---|
| 001 | CEM.cems018710 | ||
| 005 | 20190605103931.0 | ||
| 008 | 130507s2015##################000#0#####d | ||
| 003 | CEMS | ||
| 020 | |a 9789879493632 | ||
| 082 | 0 | 4 | |a 302 |
| 100 | 1 | |a Eggers-brass, Teresa | |
| 245 | 1 | 0 | |a Ciencias sociales : |b 1er año secundaria |
| 250 | |a 3a. ed. | ||
| 260 | |a Ituzaingó : |b Maipue, |c 2015 | ||
| 300 | |a 271 p. 271p. ; 20cm. | ||
| 500 | |a Ciencias Sociales / Historia | ||
| 505 | 0 | |a Primeras civilizaciones -- La tierra -- La Antiguedad clasica -- Grecia -- Roma -- Imperio Romano -- Estado, cultura y sociedad -- Sociedad y espacio geografico -- Cartografia -- Sistemas fisicos naturales -- La atmosfera -- La biosfera -- La hidrosfera -- Ambiente y sociedad -- | |
| 600 | 1 | 4 | |a Eggers-brass, Teresa - Gambuzzi, Edgardo Martín |
| 859 | |a CEMS |b BIB. CEMS - Agricultura |h 302 |i Eg33 |p A3212.19 |t Ej.1 | ||
| 859 | |a CEMS |b BIB. CEMS - Agricultura |h 302 |i Eg33 |p A3213.19 |t Ej.2 | ||
| 859 | |a CEMS |b BIB. CEMS - Agricultura |h 302 |i Eg33 |p A3214.19 |t Ej.3 | ||
| 859 | |a CEMS |b BIB. CEMS - Agricultura |h 302 |i Eg33 |p A3215.19 |t Ej.4 | ||
| 859 | |a CEMS |b BIB. CEMS - Agricultura |h 302 |i Eg33 |p A3216.19 |t Ej.5 | ||
| 859 | |a CEMS |b BIB. CEMS - Agricultura |h 302 |i Eg33 |p A3217.19 |t Ej.6 | ||
